000 00779nam a2200253 a 4500
003 CO-ViMGA
005 20230915232211.0
008 090928s2008 sp gr 0001fdspa d
020 _a9789588763002
040 _aCO-ViMGA
_bspa
_cCO-ViMGA
043 _an-us---
082 0 4 _a813.5
_bP16b
_221
100 1 _aPaolini, Christopher,
_d1983-
_92335
245 1 0 _aBrisingr /
_cChristopher Paolini ; traducción de Jorge Rizzo y Carol Isern.
250 _a1a. ed.
260 3 _aBarcelona :
_bRoca Editorial,
_c2012.
300 _a700 p. ;
_c23 cm.
650 1 4 _aDragones
_v Novela.
_92336
650 1 4 _aNovela estadounidense.
_92233
650 6 _aNovela fantástica.
_91292
700 1 _aIsern, Carol,
_etr.
_92338
700 1 _aRizzo, Jorge,
_etr.
_92337
942 _2ddc
_cBK
999 _c33774
_d33774